000 00836nam a2200253Ia 4500
003 OSt
005 20220918170928.0
006 a|||||r|||| 00| 0
007 ta
008 220917b |||||||| |||| 00| 0 eng d
020 _a9780822959625 (pbk)
_c1196.60
024 _a238,778
037 _b26516, 07/11/2008, Segment Book Distributors
_cTextual
040 _aARTS
_cARTS
_beng
041 _2eng
_aeng
082 _aO111:g(P:75), P7
100 _aRickert Thomas
_932357
245 0 _aActs of enjoyment
_b Rhetoric, Zizek and the return of the subject
260 _aPittsburgh
_bUniversity of Pittsburgh Press
_c2007
300 _ax,252p.
_ccm.
650 _aENGLISH LITERATURE
942 _hO111:g(P:75), P7
_cTEXL
_2CC
999 _c136727
_d136727